I Sumeri(Storia ed Geografia) - Statistics

Statistiche generali
  • Questo quiz è stato fatto 41 volte
    34 dall'ultimo reset
  • Il punteggio medio è 6 su 9
Statistiche sulle risposte
Domanda % Corretto
Luogo d'Occupazione
100%
96%
Invenzione Nota
96%
Regno Seguente
87%
83%
Periodo Storico
57%
43%
30%
Maggiori Settori Produttivi
4%
Nessun quiz corrispondente trovato
Distribuzione punteggi
Percentuale di utenti per punteggio
Percentile per numero di risposta
I tuoi punteggi nel tempo
Non hai fatto questo quiz dall'ultimo reset